Statistiques concernant Culture Générale - Série 325

Cliquez ici pour prendre le quiz!

Statistiques générales

  • Ce quiz a été pris 160 fois
  • Le résultat moyen est 7 sur 10

Statistiques - réponses

QuestionRéponse% Correct
Combien de cordes un violon possède-t-il ?4
98%
Dans quel gigantesque désert se situe l'action du "Petit Prince" ?Le Sahara
81%
Quelle est la dernière équipe à avoir intégré le Tournoi des VI Nations ?L'Italie
79%
Qui a incarné Lara Croft deux fois au cinéma en 2001 et 2003 ?Angelina Jolie
78%
Quels sont les deux pays qui bordent le lac Erié ?Etats Unis et Canada
65%
Quel Edmond de la littérature a été emprisonné au château d'If ?Edmond Dantès
61%
Dans quelle pièce entend-on "O rage ! ô désespoir ! ô vieillesse ennemie" ?Le Cid
61%
Quel chanteur réalise le film "Charlotte for Ever" en 1986 ?Serge Gainsbourg
61%
Sur la couverture de quel album voit-on Tintin en kilt ?L'Ile Noire
48%
Que désigne le mot "leu" dans l'expression "A la queue leu leu" ?Un loup
45%

Distribution des résultats

Percentile par nombre de réponses

% des personnes avec chaque résultat

Votre développement - résultats

Vous n’avez pas pris ce quiz